| 000 | 00645nam a2200301Ia 4500 | ||
|---|---|---|---|
| 005 | 20260401122310.0 | ||
| 008 | 008 250103s9999 xx 000 0 eng d | ||
| 020 | _a9780415285414 | ||
| 037 | _aTB | ||
| 040 | _aEDL | ||
| 040 | _beng | ||
| 040 | _cEDL | ||
| 041 | _2eng | ||
| 041 | _aeng | ||
| 084 | _a811 BEA | ||
| 084 | _qEDL | ||
| 100 |
_aBeasely, Rebecca _91233169 |
||
| 245 | 0 | _aTheorists of Modern Poetry | |
| 245 | 0 | _cBeasely, Rebecca | |
| 260 | _aLondon | ||
| 260 | _bRoutledge | ||
| 260 | _c2007 | ||
| 300 | _a144p | ||
| 942 | _cTB | ||
| 942 | _h811 BEA | ||
| 999 |
_c1846325 _d1846325 |
||